Superzdravá kuchařka /

Hlavní autor: Koren, Drees
Další autoři: Scheplitz, Floris, Válková, Hana, 1952-
Jazyk: Čeština
Vydáno: Praha : Rebo International CZ, 2018
Vydání: 1. vydání
Témata:
Fyzický popis: 125 stran : barevné ilustrace ; 25 cm
Knihy
Uloženo v:
LEADER 01837nam a2200517 i 4500
001 nkc20183044349
003 CZ PrNK
005 20181101144735.0
007 ta
008 181008s2018 xr a e f 001 0 cze
015 |a cnb003044349 
020 |a 978-80-255-1081-0  |q (vázáno) 
035 |a (OCoLC)1078643669 
040 |a OLA001  |b cze  |d BOA001  |e rda 
041 1 |a cze  |h dut 
072 7 |a 641  |x Kuchařství. Potraviny. Vařená jídla  |2 Konspekt  |9 19 
080 |a 641.55  |2 MRF 
080 |a 641.56-056.22  |2 MRF 
080 |a 613.2  |2 MRF 
080 |a (083.12)  |2 MRF 
100 1 |a Koren, Drees  |7 osa2017972439  |4 aut 
245 1 0 |a Superzdravá kuchařka /  |c recepty a text: Drees Koren ; fotografie a layout: Floris Scheplitz ; z nizozemského originálu přeložila: Hana Válková 
250 |a 1. vydání 
264 1 |a Praha :  |b Rebo International CZ,  |c 2018 
300 |a 125 stran :  |b barevné ilustrace ;  |c 25 cm 
336 |a text  |b txt  |2 rdacontent 
336 |a statický obraz  |b sti  |2 rdacontent 
337 |a bez média  |b n  |2 rdamedia 
338 |a svazek  |b nc  |2 rdacarrier 
500 |a Obálkový podnázev: 50 receptů na zdravá jídla 
500 |a Obsahuje rejstřík 
650 0 7 |a jídla  |7 ph114847  |2 czenas 
650 0 7 |a dietní jídla  |7 ph114317  |2 czenas 
650 0 7 |a racionální výživa  |7 ph124968  |2 czenas 
650 0 9 |a meals  |2 eczenas 
650 0 9 |a diet meals  |2 eczenas 
650 0 9 |a healthy eating  |2 eczenas 
655 7 |a kuchařské recepty  |7 fd132687  |2 czenas 
655 9 |a cookbooks  |2 eczenas 
700 1 |a Scheplitz, Floris  |7 ola2018985029  |4 ill 
700 1 |a Válková, Hana,  |d 1952-  |7 mzk2005294685  |4 trl 
910 2 |a BOA001  |b 2-1414.656 
990 |a BK 
995 |a 01 
991 |b 201810  |c NOV 
996 6 |b 2610755917  |c 2-1414.656  |l MZK  |r Sklad / do 1 hodiny  |n 2  |p p.v.  |w 001689262  |u 000010  |a 1  |e BOA001  |j MZK50  |s P